000 01571nam a22002177a 4500
999 _c57839
_d57839
003 Ge_BSU
005 20221221134337.0
008 210311s2021ge xxu||||| |||| 00| 0 geo d
041 _ageo
080 _a811.353.1 ც-51
100 _aცეცხლაძე, თათია
_910407
245 _aაკა მორჩილაძის ''მადათოვის" ციკლის მოთხრობების დისკურსის თავისებურებანი /
_cთათია ცეცხლაძე; სამეცნიერო ხელმძღვანელი ნანა ცეცხლაძე; ბათუმის შოთა რუსთაველის სახელმწიფო უნივერსიტეტი .
264 _aბათუმი,
_c2021.
300 _a150 გვ.:
_c30სმ.
653 _aაკა მორჩილაძის ,,მადათოვის" ციკლის მოთხრობების დისკურსის თავისებურებანი
653 _aდისერტაცია
653 _aქართული ენა
700 _aცეცხლაძე, ნანა
_eსამეცნიერო ხელმძღვანელი
_910408
710 _aბათუმის შოთა რუსთაველის სახელმწიფო უნივერსიტეტი
_910436
_bქართული ფილოლოგის დეპარტამენტი
942 _2udc
_cDS